000 00627nam a2200229Ia 4500
003 OSt
005 20220918181253.0
006 a|||||r|||| 00| 0
007 ta
008 220917b |||||||| |||| 00| 0 eng d
024 _a26,444
037 _cTextual
040 _aARTS
_cARTS
_beng
041 _2eng
_aeng
082 _aO111,1M09,1, G6 (EO)
100 _aTennyson Alfred
_952883
245 0 _aIn Memoriam ed by Michael Davis
260 _aNew York
_bMacmillan
_c1967
650 _aENGLISH LITERATURE
942 _hO111,1M09,1, G6 (EO)
_cTEXL
_2CC
999 _c165059
_d165059